Loading...
| Literature - American | 0 | 10 | 0 | 0 | 100 | 24 | 77.50 | 4 | 7 | 0.00 | 0.00 |
| Science - Biology | 0 | 8 | 1 | 3 | 75 | 48 | 91.25 | 0 | 3 | 0.00 | 0.00 |
| Fine Arts - Painting and Sculpture | 0 | 6 | 0 | 1 | 60 | 78 | 100.67 | 3 | 6 | 0.00 | 0.00 |
| Literature - World | 0 | 6 | 1 | 0 | 55 | 83 | 100.67 | 2 | 4 | 0.00 | 0.00 |
| Literature - European | 0 | 6 | 2 | 0 | 50 | 58 | 83.17 | 1 | 6 | 0.00 | 0.00 |
| Science - Chemistry | 0 | 5 | 3 | 0 | 35 | 36 | 75.40 | 2 | 5 | 0.00 | 0.00 |
| History - European | 0 | 3 | 0 | 0 | 30 | 23 | 40.00 | 3 | 3 | 0.00 | 0.00 |
| Religion | 0 | 3 | 0 | 1 | 30 | 58 | 91.00 | 1 | 2 | 0.00 | 0.00 |
| History - World | 0 | 3 | 0 | 1 | 30 | 70 | 95.67 | 0 | 2 | 0.00 | 0.00 |
| Fine Arts - Classical Music | 0 | 3 | 0 | 0 | 30 | 62 | 82.00 | 1 | 3 | 0.00 | 0.00 |
| Fine Arts - Other | 0 | 3 | 0 | 1 | 30 | 65 | 105.67 | 0 | 1 | 0.00 | 0.00 |
| Literature - British | 0 | 3 | 1 | 0 | 25 | 107 | 118.67 | 1 | 2 | 0.00 | 0.00 |
| Science - Other | 0 | 2 | 0 | 1 | 20 | 99 | 109.00 | 0 | 0 | 0.00 | 0.00 |
| Science - Physics | 0 | 2 | 1 | 0 | 15 | 90 | 110.00 | 0 | 1 | 0.00 | 0.00 |
| Philosophy | 0 | 1 | 0 | 0 | 10 | 77 | 77.00 | 0 | 1 | 0.00 | 0.00 |
| History - American | 0 | 1 | 1 | 0 | 5 | 88 | 88.00 | 0 | 1 | 0.00 | 0.00 |
| Geography | 0 | 1 | 1 | 1 | 5 | 130 | 130.00 | 0 | 0 | 0.00 | 0.00 |
| History - Other | 0 | 0 | 2 | 0 | -10 | 0.00 | 0 | 0 | 0.00 | 0.00 |